[Event "Chigorin Memorial 22nd"]
[Site "St Petersburg"]
[Date "2014.10.25"]
[Round "8"]
[White "Beltyukov, Denis"]
[Black "Gorlanov, Vladislav"]
[Result "0-1"]
[WhiteElo "1781"]
[BlackElo "2235"]
[PlyCount "62"]
[EventDate "2014.10.18"]
[EventType "swiss"]
[EventRounds "9"]
[EventCountry "RUS"]
[SourceTitle "EXT 2015"]
[Source "ChessBase"]
[SourceDate "2014.11.20"]
[SourceVersion "1"]
[SourceVersionDate "2014.11.20"]
[SourceQuality "1"]

1. d4 g6 2. e4 Bg7 3. Nc3 c6 4. Be3 d6 5. Nf3 b5 6. a3 a6 7. g3 Nd7 8. Bg2 Nb6 9. Nd2 Bb7 10. 0-0 Nf6 11. Rb1 0-0 12. Qe2 Nfd7 13. Rfd1 Qc7 14. Na2 c5 15. c3 e5 16. d5 f5 17. f3 f4 18. Bf2 h5 19. c4 bxc4 20. Nxc4 a5 21. b3 Ba6 22. Qc2 Nxc4 23. bxc4 Nb6 24. Rxb6 Qxb6 25. Be1 Rfb8 26. Bf1 Qb3 27. Qxb3 Rxb3 28. a4 Rxf3 29. Kg2 Rxf1 30. Kxf1 Bxc4+ 31. Kg2 Bxa2 0-1

[Event "Chigorin Memorial 22nd"]
[Site "St Petersburg"]
[Date "2014.10.23"]
[Round "6"]
[White "Selivanov, Ivan"]
[Black "Gorlanov, Vladislav"]
[Result "1-0"]
[WhiteElo "2000"]
[BlackElo "2235"]
[PlyCount "148"]
[EventDate "2014.10.18"]
[EventType "swiss"]
[EventRounds "9"]
[EventCountry "RUS"]
[SourceTitle "EXT 2015"]
[Source "ChessBase"]
[SourceDate "2014.11.20"]
[SourceVersion "1"]
[SourceVersionDate "2014.11.20"]
[SourceQuality "1"]

1. e4 g6 2. d4 Bg7 3. Nc3 d6 4. Be3 a6 5. Qd2 b5 6. f3 Bb7 7. h4 h5 8. Nh3 Nd7 9. Ng5 Rc8 10. a4 b4 11. Nd1 c5 12. Bc4 e6 13. dxc5 dxc5 14. Ba2 Qe7 15. Bf4 Ne5 16. Ne3 Rd8 17. Qc1 Nh6 18. 0-0 c4 19. Bxe5 Bxe5 20. Nxc4 Qc5+ 21. Kh1 Bg3 22. Nh3 Bxh4 23. Qf4 Be7 24. Rad1 Rc8 25. Nd6+ Bxd6 26. Rxd6 Rc6 27. Rfd1 Rxd6 28. Rxd6 Bc8 29. Bd5 Qxc2 30. Rc6 Qd1+ 31. Kh2 Bd7 32. Qb8+ Ke7 33. Qd6+ Kf6 34. Qxd7 Ng4+ 35. fxg4 hxg4 36. Rxe6+ fxe6 37. Qxe6+ Kg7 38. Qf7+ Kh6 39. Qf4+ Kh7 40. Qf7+ Kh6 41. Qf6 Rh7 42. Nf4 g3+ 43. Kxg3 Qe1+ 44. Kh2 Rg7 45. Ne6 Rg8 46. Qf4+ g5 47. Qf6+ Kh5 48. Nf4+ Kh4 49. Qh6+ Kg4 50. Qh3+ Kxf4 51. Bxg8 g4 52. Qh6+ Ke5 53. Qg5+ Kd4 54. Qxg4 a5 55. b3 Qb1 56. Qg7+ Kd3 57. e5 Qc1 58. e6 Qc5 59. Qg3+ Kc2 60. Bf7 Kb2 61. Qf4 Ka2 62. Qd2+ Ka3 63. Qe1 Qe7 64. Qd1 Ka2 65. Kh3 Qg5 66. Qe2+ Ka3 67. Qe4 Qh6+ 68. Kg4 Qg7+ 69. Kf5 Qf8 70. Kg6 Qe7 71. Qd5 Qc7 72. g4 Qc2+ 73. Qf5 Qe2 74. g5 Qe3 1-0

[Event "Chigorin Memorial 22nd"]
[Site "St Petersburg"]
[Date "2014.10.22"]
[Round "5"]
[White "Gorlanov, Vladislav"]
[Black "Kamnev, Alexander"]
[Result "1-0"]
[WhiteElo "2235"]
[BlackElo "2013"]
[PlyCount "45"]
[EventDate "2014.10.18"]
[EventType "swiss"]
[EventRounds "9"]
[EventCountry "RUS"]
[SourceTitle "EXT 2015"]
[Source "ChessBase"]
[SourceDate "2014.11.20"]
[SourceVersion "1"]
[SourceVersionDate "2014.11.20"]
[SourceQuality "1"]

1. c4 e6 2. Nf3 d5 3. e3 Nf6 4. Nc3 Be7 5. d4 0-0 6. Bd3 b6 7. cxd5 exd5 8. Ne5 c5 9. 0-0 Bb7 10. b3 Nc6 11. Ne2 Qc7 12. Bb2 h6 13. Ng3 Nd7 14. Ng4 Rfe8 15. Nf5 h5 16. Ngh6+ Kf8 17. Nxg7 Kxg7 18. Qxh5 Rg8 19. dxc5+ Bf6 20. Qxf7+ Kxh6 21. Qh7+ Kg5 22. h4+ Kg4 23. Bf5# 1-0

[Event "Orsha"]
[Site "Orsha"]
[Date "2011.02.??"]
[Round "2"]
[White "Gorlanov, Vladislav"]
[Black "Kiselev, Pavel"]
[Result "0-1"]
[WhiteElo "2259"]
[BlackElo "2157"]
[PlyCount "54"]
[EventDate "2011.02.??"]
[EventType "tourn"]
[EventRounds "9"]
[EventCountry "BLR"]
[EventCategory "2"]
[SourceTitle "CBM 140 Extra"]
[Source "ChessBase"]
[SourceDate "2011.03.01"]
[SourceVersion "1"]
[SourceVersionDate "2011.03.01"]
[SourceQuality "1"]

1. c4 e5 2. g3 d6 3. Bg2 g6 4. Nc3 Bg7 5. e3 Nf6 6. Nge2 0-0 7. 0-0 Re8 8. h3 Nbd7 9. d4 Nf8 10. b4 Ne6 11. Kh2 Ng5 12. e4 exd4 13. Bxg5 dxc3 14. f4 h6 15. Bh4 g5 16. fxg5 hxg5 17. Bxg5 Ng4+ 18. hxg4 Qxg5 19. Qd5 Qxd5 20. cxd5 Bxg4 21. Nf4 Bd4 22. Rac1 Kg7 23. Bh3 Bxh3 24. Nxh3 Rxe4 25. Rxf7+ Kg6 26. Rf3 Re2+ 27. Kh1 Rh8 0-1

[Event "Orsha"]
[Site "Orsha"]
[Date "2011.02.??"]
[Round "7"]
[White "Gorlanov, Vladislav"]
[Black "Meshkov, Yuri A"]
[Result "1/2-1/2"]
[WhiteElo "2259"]
[BlackElo "2404"]
[PlyCount "46"]
[EventDate "2011.02.??"]
[EventType "tourn"]
[EventRounds "9"]
[EventCountry "BLR"]
[EventCategory "2"]
[SourceTitle "CBM 140 Extra"]
[Source "ChessBase"]
[SourceDate "2011.03.01"]
[SourceVersion "1"]
[SourceVersionDate "2011.03.01"]
[SourceQuality "1"]

1. d4 d5 2. c4 c6 3. cxd5 cxd5 4. Nc3 Nf6 5. Nf3 Nc6 6. Bf4 Bf5 7. e3 e6 8. Bb5 Nd7 9. 0-0 Qb6 10. Qa4 Rc8 11. Ne5 Ndxe5 12. Bxe5 a6 13. Bxc6+ Qxc6 14. Qxc6+ Rxc6 15. Rfc1 f6 16. Bg3 Kd7 17. Na4 Bc2 18. Nc5+ Bxc5 19. Rxc2 Bb6 20. Rxc6 Kxc6 21. Rc1+ Kd7 22. Kf1 Rc8 23. Rxc8 Kxc8 1/2-1/2

[Event "Orsha"]
[Site "Orsha"]
[Date "2011.02.??"]
[Round "8"]
[White "Leinov, Roman"]
[Black "Gorlanov, Vladislav"]
[Result "0-1"]
[WhiteElo "2177"]
[BlackElo "2259"]
[PlyCount "86"]
[EventDate "2011.02.??"]
[EventType "tourn"]
[EventRounds "9"]
[EventCountry "BLR"]
[EventCategory "2"]
[SourceTitle "CBM 140 Extra"]
[Source "ChessBase"]
[SourceDate "2011.03.01"]
[SourceVersion "1"]
[SourceVersionDate "2011.03.01"]
[SourceQuality "1"]

1. c4 g6 2. g3 Bg7 3. Bg2 c5 4. Nc3 Nc6 5. Nf3 Nh6 6. e4 Ng4 7. 0-0 d6 8. d3 0-0 9. h3 Nge5 10. Be3 Nxf3+ 11. Qxf3 Nd4 12. Qd1 Rb8 13. Ne2 Nxe2+ 14. Qxe2 b5 15. Rab1 bxc4 16. dxc4 Be6 17. b3 a5 18. f4 a4 19. g4 axb3 20. axb3 Qa5 21. e5 dxe5 22. f5 Bd7 23. Qf2 Rbc8 24. Rfd1 Bc6 25. Bxc5 Bxg2 26. Bb6 Qb4 27. Kxg2 Rc6 28. Be3 Rb8 29. Qd2 Qxd2+ 30. Rxd2 gxf5 31. gxf5 e6 32. fxe6 Rxe6 33. b4 f5 34. Rd7 f4 35. Ba7 Rc8 36. c5 e4 37. b5 f3+ 38. Kf2 e3+ 39. Kxf3 Rf8+ 40. Kg2 Rg6+ 41. Kh1 e2 42. Rdd1 exd1Q+ 43. Rxd1 Rf3 0-1

[Event "RUS-chT Regions"]
[Site "Tula"]
[Date "2009.11.??"]
[Round "2"]
[White "Moiseev, Alexander"]
[Black "Gorlanov, Vladislav"]
[Result "0-1"]
[WhiteElo "1919"]
[BlackElo "2159"]
[PlyCount "64"]
[EventDate "2009.11.??"]
[EventType "team-tourn"]
[EventRounds "9"]
[EventCountry "RUS"]
[SourceTitle "EXT 2011"]
[Source "ChessBase"]
[SourceDate "2010.11.26"]
[SourceVersion "1"]
[SourceVersionDate "2010.11.26"]
[SourceQuality "1"]

1. e4 g6 2. Nc3 Bg7 3. g3 c5 4. Bg2 Nc6 5. f4 e6 6. Nf3 d5 7. d3 Nge7 8. 0-0 0-0 9. Bd2 a6 10. a4 Rb8 11. e5 f6 12. Re1 b5 13. axb5 axb5 14. exf6 Bxf6 15. Rb1 Nf5 16. Ne5 Qd6 17. Nxc6 Qxc6 18. Ne2 b4 19. c4 Qd6 20. Qc2 dxc4 21. dxc4 b3 22. Qc1 Qd3 23. Nc3 Qxc4 24. Ne4 Bd4+ 25. Kh1 Qc2 26. Ng5 Re8 27. Be4 Bb7 28. Bxb7 Rxb7 29. Nxe6 Rbe7 30. Nxd4 Rxe1+ 31. Bxe1 Nxd4 32. Bc3 Qe4+ 0-1

[Event "Anapa op"]
[Site "Anapa"]
[Date "2009.09.07"]
[Round "8"]
[White "Gorlanov, Vladislav"]
[Black "Mkrtchian, Artak"]
[Result "1-0"]
[WhiteElo "2159"]
[BlackElo "1764"]
[PlyCount "46"]
[EventDate "2009.08.31"]
[EventType "swiss"]
[EventRounds "9"]
[EventCountry "RUS"]
[SourceTitle "CBM 132 Extra"]
[Source "ChessBase"]
[SourceDate "2009.11.03"]
[SourceVersion "1"]
[SourceVersionDate "2009.11.03"]
[SourceQuality "1"]

1. c4 Nf6 2. g3 g6 3. Bg2 Bg7 4. Nc3 0-0 5. e3 d6 6. Nge2 e5 7. 0-0 Nc6 8. d4 Re8 9. a3 h5 10. h3 Nh7 11. d5 Ne7 12. e4 f5 13. Be3 g5 14. exf5 Nxf5 15. Qd3 g4 16. hxg4 Nxe3 17. fxe3 Bxg4 18. Rf2 Qd7 19. Raf1 Rf8 20. Qg6 Rxf2 21. Rxf2 Rf8 22. Rxf8+ Nxf8 23. Qd3 h4 1-0

[Event "Anapa op"]
[Site "Anapa"]
[Date "2009.09.05"]
[Round "6"]
[White "Gorlanov, Vladislav"]
[Black "Kulyishov, Sain"]
[Result "0-1"]
[WhiteElo "2159"]
[BlackElo "1949"]
[PlyCount "56"]
[EventDate "2009.08.31"]
[EventType "swiss"]
[EventRounds "9"]
[EventCountry "RUS"]
[SourceTitle "CBM 132 Extra"]
[Source "ChessBase"]
[SourceDate "2009.11.03"]
[SourceVersion "1"]
[SourceVersionDate "2009.11.03"]
[SourceQuality "1"]

1. e4 c5 2. Nf3 d6 3. d4 cxd4 4. Nxd4 Nf6 5. Nc3 a6 6. Be3 e5 7. Nf3 Qc7 8. h3 b5 9. Nd5 Nxd5 10. Qxd5 Bb7 11. Qd3 Nd7 12. a4 b4 13. Nd2 Be7 14. Nc4 0-0 15. 0-0-0 Rac8 16. f3 Nc5 17. Qd2 b3 18. Qc3 bxc2 19. Qxc2 f5 20. Bxc5 Qxc5 21. Kb1 fxe4 22. Na3 exf3 23. Qb3+ Kh8 24. Qxb7 Bg5 25. Qe4 Rb8 26. Ka2 Rf4 27. Qc2 fxg2 28. Qxg2 Rf2 0-1

[Event "Anapa op"]
[Site "Anapa"]
[Date "2009.09.02"]
[Round "3"]
[White "Khafizova, Yana"]
[Black "Gorlanov, Vladislav"]
[Result "0-1"]
[WhiteElo "1911"]
[BlackElo "2159"]
[PlyCount "66"]
[EventDate "2009.08.31"]
[EventType "swiss"]
[EventRounds "9"]
[EventCountry "RUS"]
[SourceTitle "CBM 132 Extra"]
[Source "ChessBase"]
[SourceDate "2009.11.03"]
[SourceVersion "1"]
[SourceVersionDate "2009.11.03"]
[SourceQuality "1"]

1. e4 c5 2. Nf3 g6 3. c4 Bg7 4. d4 Nc6 5. d5 Nd4 6. Nc3 d6 7. Be2 Bd7 8. Bd2 a6 9. 0-0 Nxf3+ 10. Bxf3 b5 11. cxb5 axb5 12. Qc1 b4 13. Ne2 Nf6 14. Bh6 0-0 15. Ng3 Bb5 16. Rd1 Ra6 17. Bxg7 Kxg7 18. b3 Nd7 19. Qg5 e5 20. Qd2 Qh4 21. Rdc1 Qf4 22. Qb2 Rfa8 23. h3 Rxa2 24. Rxa2 Rxa2 25. Qxa2 Qxc1+ 26. Kh2 Qa3 27. Qc2 h6 28. Ne2 Nb6 29. Nc1 c4 30. Be2 cxb3 31. Qb1 Bxe2 32. Nxe2 Qa2 33. Qd1 b2 0-1

[Event "Obninsk op"]
[Site "Obninsk"]
[Date "2009.07.??"]
[Round "9"]
[White "Davydiants, Eduard"]
[Black "Gorlanov, Vladislav"]
[Result "1/2-1/2"]
[WhiteElo "2090"]
[BlackElo "2159"]
[PlyCount "72"]
[EventDate "2009.07.??"]
[EventType "swiss"]
[EventRounds "9"]
[EventCountry "RUS"]
[SourceTitle "CBM 131 Extra"]
[Source "ChessBase"]
[SourceDate "2009.09.03"]
[SourceVersion "2"]
[SourceVersionDate "2009.09.16"]
[SourceQuality "1"]

1. e4 g6 2. d4 Bg7 3. Nc3 d6 4. f4 Nc6 5. Nf3 Bg4 6. Be3 e5 7. dxe5 dxe5 8. Bb5 Qxd1+ 9. Rxd1 Nge7 10. Kf2 a6 11. Ba4 0-0 12. h3 Be6 13. Nd5 Bxd5 14. exd5 e4 15. dxc6 b5 16. Bb3 exf3 17. Bc5 fxg2 18. Rhe1 Nxc6 19. Bxf8 Rxf8 20. Rd7 Nd4 21. c3 Nxb3 22. axb3 Bf6 23. Kxg2 Rc8 24. b4 c5 25. bxc5 Rxc5 26. Re8+ Kg7 27. Rb8 Rf5 28. Rbb7 Bh4 29. Rd4 Bf6 30. Re4 Rd5 31. Re2 a5 32. Ra7 b4 33. cxb4 axb4 34. Rb7 Rd4 35. Kf3 Rd3+ 36. Re3 Rxe3+ 1/2-1/2

[Event "Obninsk op"]
[Site "Obninsk"]
[Date "2009.07.??"]
[Round "7"]
[White "Gorlanov, Vladislav"]
[Black "Chernobay, Artem"]
[Result "0-1"]
[WhiteElo "2159"]
[BlackElo "2393"]
[PlyCount "60"]
[EventDate "2009.07.??"]
[EventType "swiss"]
[EventRounds "9"]
[EventCountry "RUS"]
[SourceTitle "CBM 131 Extra"]
[Source "ChessBase"]
[SourceDate "2009.09.03"]
[SourceVersion "2"]
[SourceVersionDate "2009.09.16"]
[SourceQuality "1"]

1. c4 e5 2. Nc3 d6 3. g3 f5 4. Bg2 Nf6 5. e3 g6 6. d4 Nbd7 7. Nge2 Bg7 8. 0-0 0-0 9. Rb1 a5 10. a3 g5 11. b4 axb4 12. axb4 c6 13. Qb3 Kh8 14. b5 c5 15. Rd1 Qe8 16. Ba3 f4 17. dxe5 dxe5 18. Bc1 Nh5 19. exf4 exf4 20. Nd5 Qxe2 21. Bf3 Qe6 22. Nc7 Qg6 23. Nxa8 Ne5 24. Bb2 fxg3 25. hxg3 Bf5 26. Qe3 Nxf3+ 27. Qxf3 Rxa8 28. Bxg7+ Nxg7 29. Ra1 Re8 30. Qxb7 Be4 0-1

[Event "Obninsk op"]
[Site "Obninsk"]
[Date "2009.07.??"]
[Round "4"]
[White "Meshkov, Yuri A"]
[Black "Gorlanov, Vladislav"]
[Result "1-0"]
[WhiteElo "2379"]
[BlackElo "2159"]
[PlyCount "77"]
[EventDate "2009.07.??"]
[EventType "swiss"]
[EventRounds "9"]
[EventCountry "RUS"]
[SourceTitle "CBM 131 Extra"]
[Source "ChessBase"]
[SourceDate "2009.09.03"]
[SourceVersion "2"]
[SourceVersionDate "2009.09.16"]
[SourceQuality "1"]

1. c4 g6 2. g3 Bg7 3. Bg2 c5 4. Nc3 Nc6 5. Nf3 e6 6. d3 d5 7. Bd2 Nge7 8. a3 0-0 9. Rb1 Nd4 10. 0-0 dxc4 11. dxc4 Nec6 12. Na4 Nxf3+ 13. exf3 b6 14. f4 Bb7 15. b4 cxb4 16. axb4 Qd4 17. Qc1 Nd8 18. Bxb7 Nxb7 19. Be3 Qd7 20. Qc2 b5 21. Nc5 Nxc5 22. Rfd1 Qb7 23. bxc5 b4 24. Qa4 a5 25. Qb5 Qxb5 26. cxb5 a4 27. Rxb4 a3 28. b6 a2 29. b7 Rad8 30. Rc1 a1Q 31. Rxa1 Bxa1 32. c6 Bc3 33. Rb5 Rc8 34. Bc5 Rfd8 35. Bb6 Re8 36. c7 f5 37. Rb3 Bd2 38. Rd3 Bb4 39. bxc8Q 1-0

[Event "Obninsk op"]
[Site "Obninsk"]
[Date "2009.07.??"]
[Round "2"]
[White "Oganesian, Andranik"]
[Black "Gorlanov, Vladislav"]
[Result "0-1"]
[WhiteElo "1967"]
[BlackElo "2159"]
[PlyCount "94"]
[EventDate "2009.07.??"]
[EventType "swiss"]
[EventRounds "9"]
[EventCountry "RUS"]
[SourceTitle "CBM 131 Extra"]
[Source "ChessBase"]
[SourceDate "2009.09.03"]
[SourceVersion "2"]
[SourceVersionDate "2009.09.16"]
[SourceQuality "1"]

1. e4 c5 2. b4 cxb4 3. a3 bxa3 4. Nxa3 d6 5. d4 Nf6 6. f3 g6 7. Nb5 Na6 8. c4 Bg7 9. e5 dxe5 10. dxe5 Qxd1+ 11. Kxd1 Nd7 12. Ba3 Bxe5 13. Ra2 Nc7 14. Nh3 Nxb5 15. cxb5 Bd6 16. Bxd6 exd6 17. Ng5 Nc5 18. b6 a6 19. Bb5+ Ke7 20. Bc4 Be6 21. Re1 Kd7 22. Bxe6+ fxe6 23. Rd2 Raf8 24. Re5 Ke7 25. Re3 h6 26. Ne4 Nxe4 27. Rxe4 Kd7 28. h4 Rf5 29. Rc4 Rc8 30. Rxd6+ Kxd6 31. Rxc8 Rd5+ 32. Ke2 Rb5 33. Rh8 Rb2+ 34. Kf1 a5 35. Rxh6 a4 36. Rxg6 a3 37. Rg8 a2 38. Ra8 Rb1+ 39. Kf2 a1Q 40. Rxa1 Rxa1 41. h5 Ke5 42. g4 Kf6 43. f4 Rb1 44. g5+ Kg7 45. Ke3 Rxb6 46. Ke4 Rb5 47. Kf3 Rf5 0-1

[Event "Central FO-ch"]
[Site "Gagarin"]
[Date "2009.05.05"]
[Round "7"]
[White "Masalov, Andrey"]
[Black "Gorlanov, Vladislav"]
[Result "1-0"]
[WhiteElo "2278"]
[BlackElo "2179"]
[PlyCount "39"]
[EventDate "2009.05.01"]
[EventType "swiss"]
[EventRounds "9"]
[EventCountry "RUS"]
[SourceTitle "CBM 130 Extra"]
[Source "ChessBase"]
[SourceDate "2009.07.02"]
[SourceVersion "2"]
[SourceVersionDate "2009.07.15"]
[SourceQuality "1"]

1. d4 e6 2. Nf3 b6 3. e4 Bb7 4. Bd3 Ne7 5. 0-0 g6 6. Bf4 Bg7 7. Qd2 f5 8. Nc3 h6 9. Rfe1 fxe4 10. Bxe4 Bxe4 11. Rxe4 g5 12. Be5 Bxe5 13. dxe5 Ng6 14. Rf1 0-0 15. h4 Rf5 16. hxg5 hxg5 17. Nd4 Rxe5 18. Rxe5 Nxe5 19. Nxe6 Qf6 20. Nxc7 1-0

[Event "RUS-chB U16"]
[Site "Dagomys"]
[Date "2009.04.21"]
[Round "7"]
[White "Gorlanov, Vladislav"]
[Black "Semkin, Dmitrij"]
[Result "1-0"]
[WhiteElo "2179"]
[BlackElo "2037"]
[PlyCount "111"]
[EventDate "2009.04.15"]
[EventType "swiss"]
[EventRounds "9"]
[EventCountry "RUS"]
[SourceTitle "EXT 2010"]
[Source "ChessBase"]
[SourceDate "2010.11.25"]
[SourceVersion "1"]
[SourceVersionDate "2010.11.25"]
[SourceQuality "1"]

1. e4 c5 2. Nf3 d6 3. Bb5+ Nc6 4. 0-0 Nf6 5. e5 dxe5 6. Nxe5 Qc7 7. Bxc6+ bxc6 8. Qf3 Bd7 9. Re1 e6 10. Na3 Bd6 11. Nac4 0-0 12. b3 Be7 13. Ba3 Nd5 14. c3 Rab8 15. Nb2 Rbd8 16. Nbd3 Qa5 17. Nc4 Qb5 18. Nce5 Qa5 19. Bb2 Qc7 20. c4 Nb4 21. Qg3 f6 22. Nxb4 cxb4 23. Nxd7 Qxd7 24. d4 c5 25. Qe3 cxd4 26. Qxe6+ Qxe6 27. Rxe6 Bc5 28. Rc6 Rc8 29. Rxc8 Rxc8 30. Rd1 Rd8 31. Rd3 Kf7 32. Kf1 Ke6 33. Ke2 Kf5 34. Kf3 h5 35. h3 g5 36. g4+ hxg4+ 37. hxg4+ Ke5 38. Rd2 f5 39. Re2+ Kf6 40. Re1 Rh8 41. Rd1 fxg4+ 42. Kxg4 Rh4+ 43. Kf3 Kf5 44. Ke2 Ke4 45. f3+ Kf5 46. Kd3 Rf4 47. Rf1 Kg6 48. Bc1 Rf5 49. Ke4 Kf6 50. f4 gxf4 51. Rxf4 Rxf4+ 52. Bxf4 Ke6 53. Be5 d3 54. Bf4 Bd6 55. Be3 d2 56. Bxd2 1-0

[Event "RUS-chB U16"]
[Site "Dagomys"]
[Date "2009.04.18"]
[Round "4"]
[White "Yashkin, Oleg"]
[Black "Gorlanov, Vladislav"]
[Result "1/2-1/2"]
[WhiteElo "2055"]
[BlackElo "2179"]
[PlyCount "109"]
[EventDate "2009.04.15"]
[EventType "swiss"]
[EventRounds "9"]
[EventCountry "RUS"]
[SourceTitle "EXT 2010"]
[Source "ChessBase"]
[SourceDate "2010.11.25"]
[SourceVersion "1"]
[SourceVersionDate "2010.11.25"]
[SourceQuality "1"]

1. d4 e6 2. c4 Bb4+ 3. Bd2 a5 4. a3 Bxd2+ 5. Qxd2 a4 6. Nc3 d6 7. Qc2 Bd7 8. Nf3 f5 9. e4 Ne7 10. e5 0-0 11. Be2 dxe5 12. dxe5 Qe8 13. 0-0 Ra5 14. Nb5 Na6 15. Nfd4 Nc6 16. b4 Nxd4 17. Nxd4 Rxe5 18. Bd3 Qg6 19. f4 Re3 20. Qd2 Rh3 21. Nf3 Bc6 22. Ne5 Rxd3 23. Nxd3 Rd8 24. Qe2 Rxd3 25. b5 Qxg2+ 26. Qxg2 Bxg2 27. Kxg2 Nc5 28. Rfd1 Kf8 29. Rxd3 Nxd3 30. Kf3 Ke7 31. Ke3 Nc5 32. Rg1 g6 33. h4 Nd7 34. Kd4 b6 35. Re1 Kf6 36. Re2 Nc5 37. Re1 h6 38. Rg1 Ne4 39. Rh1 Nf2 40. Rf1 Ng4 41. Re1 e5+ 42. fxe5+ Ke6 43. c5 f4 44. cxb6 cxb6 45. Ke4 g5 46. hxg5 hxg5 47. Rg1 f3 48. Kxf3 Nxe5+ 49. Ke4 Nf7 50. Rb1 Nd6+ 51. Kf3 Kd5 52. Rb4 Kc5 53. Rxa4 Nxb5 54. Kg4 Nc3 55. Rb4 1/2-1/2

[Event "RUS Cup Regions"]
[Site "Belgorod"]
[Date "2008.11.29"]
[Round "10"]
[White "Gorlanov, Vladislav"]
[Black "Biryukov, Alexander"]
[Result "1-0"]
[WhiteElo "2165"]
[BlackElo "2141"]
[PlyCount "109"]
[EventDate "2008.11.21"]
[EventType "swiss"]
[EventRounds "10"]
[EventCountry "RUS"]
[SourceTitle "EXT 2010"]
[Source "ChessBase"]
[SourceDate "2010.11.25"]
[SourceVersion "1"]
[SourceVersionDate "2010.11.25"]
[SourceQuality "1"]

1. e4 e5 2. Nc3 Nf6 3. g3 Bc5 4. Bg2 d6 5. Na4 Bb6 6. Nxb6 axb6 7. Ne2 Nc6 8. 0-0 Qe7 9. d3 h6 10. h3 g5 11. f4 g4 12. h4 Be6 13. d4 Bc4 14. d5 Nb8 15. fxe5 dxe5 16. b3 Bxe2 17. Qxe2 Nbd7 18. Rf5 0-0-0 19. Bb2 Ne8 20. Qxg4 Qc5+ 21. Rf2 f6 22. c4 Kb8 23. a4 Nd6 24. Ba3 Qd4 25. Rd1 Qe3 26. Qf3 Qxf3 27. Bxf3 Rhg8 28. Kh2 Rg7 29. Bxd6 cxd6 30. b4 Kc7 31. Bg2 Rdg8 32. Rd3 h5 33. Rf5 Rh8 34. Bf3 Rgh7 35. Be2 Kd8 36. Ra3 Ke7 37. a5 Ra8 38. Bxh5 bxa5 39. Be2 b6 40. Rf1 Rhh8 41. Rfa1 Ra7 42. Bg4 Rc8 43. bxa5 Rxc4 44. Bxd7 Kxd7 45. axb6 Rb7 46. Ra7 Kc8 47. Ra8+ Rb8 48. Rxb8+ Kxb8 49. Rf1 Rb4 50. Rxf6 Rxb6 51. h5 Kc7 52. h6 Rb8 53. h7 Rh8 54. Rf7+ Kb6 55. g4 1-0

[Event "RUS Cup Regions"]
[Site "Belgorod"]
[Date "2008.11.22"]
[Round "2"]
[White "Efanov, Nikolai Aleksandrov"]
[Black "Gorlanov, Vladislav"]
[Result "1-0"]
[WhiteElo "2398"]
[BlackElo "2165"]
[PlyCount "112"]
[EventDate "2008.11.21"]
[EventType "swiss"]
[EventRounds "10"]
[EventCountry "RUS"]
[SourceTitle "EXT 2010"]
[Source "ChessBase"]
[SourceDate "2010.11.25"]
[SourceVersion "1"]
[SourceVersionDate "2010.11.25"]
[SourceQuality "1"]

1. e4 e5 2. Nf3 Nc6 3. Bb5 d6 4. d4 Bd7 5. d5 Nce7 6. Bxd7+ Qxd7 7. 0-0 g6 8. c4 Bg7 9. Nc3 h6 10. Ne1 f5 11. f3 Nf6 12. Be3 0-0 13. Nd3 g5 14. Rc1 g4 15. Kh1 gxf3 16. gxf3 fxe4 17. fxe4 Ng4 18. Qe2 Kh7 19. Bd2 Ng6 20. Rg1 Nf6 21. Qg2 Qf7 22. Rcf1 Rg8 23. Qh3 Raf8 24. Ne2 Qd7 25. Qxd7 Nxd7 26. Be3 b6 27. b4 Nf6 28. Nc3 a6 29. c5 b5 30. Rg2 Nh5 31. Rgf2 Nhf4 32. Bxf4 exf4 33. Ne2 Be5 34. Nexf4 Nxf4 35. Nxf4 Rg4 36. Ne6 Rxf2 37. Rxf2 Rxe4 38. c6 Kg6 39. Nxc7 Bd4 40. Rc2 Bb6 41. Na8 Bd8 42. c7 Bxc7 43. Nxc7 Rxb4 44. Nxa6 Rd4 45. Nc7 Kf6 46. Re2 Kf5 47. Re6 Rd1+ 48. Kg2 Rd2+ 49. Kg3 Rd3+ 50. Kf2 Rd2+ 51. Re2 Rd3 52. Nxb5 Rxd5 53. a4 Rd1 54. Ra2 Rh1 55. Kg2 Re1 56. Nxd6+ Ke6 1-0

[Event "RUS-chT Clubs U18"]
[Site "Rybinsk"]
[Date "2008.08.09"]
[Round "8"]
[White "Gorlanov, Vladislav"]
[Black "Sokolov, Alexei"]
[Result "1-0"]
[WhiteElo "2145"]
[BlackElo "2185"]
[PlyCount "81"]
[EventDate "2008.08.02"]
[EventType "team"]
[EventRounds "9"]
[EventCountry "RUS"]
[SourceTitle "EXT 2020"]
[Source "ChessBase"]
[SourceDate "2019.10.17"]
[SourceVersion "1"]
[SourceVersionDate "2019.10.17"]
[SourceQuality "1"]

1. c4 Nf6 2. g3 c6 3. Nf3 d5 4. b3 g6 5. Bb2 Bg7 6. Bg2 0-0 7. 0-0 Nbd7 8. d3 Re8 9. Nbd2 e5 10. Rc1 Qb6 11. Rc2 h6 12. Qa1 e4 13. Ne5 Nxe5 14. Bxe5 exd3 15. exd3 Qd8 16. cxd5 cxd5 17. Rfc1 Bf5 18. Rc7 Rxe5 19. Qxe5 Ne8 20. Qe7 Nxc7 21. Rxc7 Qxe7 22. Rxe7 Bc3 23. Nf1 Rd8 24. Ne3 Be6 25. Rxb7 Bd4 26. Rb5 Rc8 27. Bxd5 Bh3 28. Bc4 Bb6 29. Re5 Kf8 30. Nd5 Bd4 31. Re4 Bc5 32. b4 Bd6 33. a3 Bf5 34. Re3 Bh3 35. Nc3 a5 36. Nb5 axb4 37. Nxd6 Rd8 38. Nxf7 Ra8 39. g4 Bxg4 40. axb4 h5 41. b5 1-0